Statistics for Musical Theater Trivia

Click here to take the quiz!

General Stats

  • This quiz has been taken 13,628 times
  • The average score is 11 of 20

Answer Stats

HintAnswer% Correct
What musical is based on the songs of ABBA?Mamma Mia!
92%
What musical orphan had a "hard knock life"?Annie
89%
What song from the movie "Frozen" won an Oscar for Best Original Song?Let it Go
87%
Who starred as Mary Poppins in the 1964 film?Julie Andrews
83%
Who wrote the music to "Phantom of the Opera" and "Jesus Christ Superstar"?Andrew Lloyd Webber
79%
What type of school did Frenchy drop out of, in "Grease"?Beauty School
67%
What musical features the song "Defying Gravity"?Wicked
67%
What hippie musical had a notorious nude scene?Hair
61%
What musical based on "Madame Butterfly" was set during the Vietnam War?Miss Saigon
58%
What songwriter partnered with both Hammerstein and Hart?Richard Rodgers
58%
What musical, set in Manhattan's East Village, is based on "La bohème"?Rent
56%
Who starred as Sally Bowles in the movie version of "Cabaret"?Liza Minnelli
50%
What musical was based on "Pygmalion"?My Fair Lady
50%
What is the musical adaptation of "Monty Python and the Holy Grail"?Spamalot
49%
What high-flying musical was shut down in 2014 after numerous cast injuries?Spider-Man: Turn Off the Dark
37%
Who played Dorothy in the film version of "The Wiz"?Diana Ross
30%
Who starred as Nathan Detroit in the film version of "Guys and Dolls"?Frank Sinatra
29%
Who dreamed the impossible dream?Don Quixote
24%
What songwriter who wrote "Kiss Me, Kate" and "Anything Goes"?Cole Porter
23%
What you may see, some enchanted evening, across a crowded room?A Stranger
22%

Score Distribution

Percentile by Number Answered

Percent of People with Each Score

Your Score History

You have not taken this quiz